000 00608cab a2200217 4500
001 X2317
008 090401t1995 xxu||||| |||| 00| 0 eng d
035 _a(Sirsi) u23330
041 _aeng
245 _aResearch committee chairman sets out future strategy
260 _c1995
350 _a0
490 _aCSM (Chartered Surveyor Monthly)
_v4(7) May 1995, 13(1)
650 _aGENERAL COUNCIL
650 _aRESEARCH COMMITTEE
650 _aRESEARCH STRATEGY
650 _aRICS RESEARCH PAPERS
690 _aMANAGEMENT-BUSINESS MANAGEMENT-PROFESSIONAL PRACTICE
942 _n0
948 _c04/03/1997
999 _c15598
_d15598